Normal view
MARC view
Entry Personal Name
001 - CONTROL NUMBER
- control field: 75390
003 - CONTROL NUMBER IDENTIFIER
- control field: dpl
005 - DATE AND TIME OF LATEST TRANSACTION
- control field: 20241218143412.0
008 - FIXED-LENGTH DATA ELEMENTS
- fixed length control field: 241218|| aca||aabn | a|a d
040 ## - CATALOGING SOURCE
- Original cataloging agency: dpl
- Transcribing agency: dpl
100 ## - HEADING--PERSONAL NAME
- Personal name: Singh
670 ## - SOURCE DATA FOUND
- Source citation: Work cat.: (dpl)181850: Gupta, S. Anand 75389, CTET elementary stage paper II for class VI-VIII mathematics and science/, 2020
